000 00542nam a22001817a 4500
005 20251108173313.0
008 250721s2005 xx 000 0 eng d
082 1 4 _a944/عكي
100 1 _aالعكيلي, صالح حسن
245 1 0 _aفرنسا بين ثورتين 1789-1830 /
264 1 _aعمان :
_bمؤسسة الوراق للنشر والتوزيع,
_c2005.
300 _a92ص.
650 1 7 _aتاريخ فرنسا
650 1 7 _aفرنسا
650 1 7 _aالثورة الفرنسية
942 _2ddc
_cBK
999 _c100807
_d100807